| 000 | 00360nam a22001457a 4500 | ||
|---|---|---|---|
| 008 | 210311b ||||| |||| 00| 0 eng d | ||
| 020 | _a0393959244 | ||
| 041 | _aeng | ||
| 080 |
_22nd _a330.101.542 |
||
| 082 |
_22nd _a330.101.542 |
||
| 100 | _a52 | ||
| 101 | _aMIKRO | ||
| 245 |
_aIntermediate Microeconomics A modern Approach _cVarian,R.H |
||
| 942 |
_2udc _cBK |
||
| 999 |
_c56361 _d56361 |
||